[Event "Mardi 2026.01.27"]
[Site "Laval CAN"]
[Date "2026.02.10"]
[Round "3.1"]
[White "Saillant, Christopher"]
[Black "Avarian, Aram Sevag"]
[Result "1/2-1/2"]
[WhiteElo "1899"]
[BlackElo "1833"]
[WhiteFideId "-1"]
[BlackFideId "-1"]
[PlyCount "99"]
[GameId "2282872230052381"]
[EventDate "2026.01.27"]
[EventType "swiss"]
[EventRounds "5"]
[EventCountry "CAN"]

1. e4 c5 2. Nf3 Nc6 3. d4 cxd4 4. Nxd4 g6 5. c4 Nf6 6. f3 d6 7. Nc3 Nxd4 8. Qxd4 Bg7 9. Be3 O-O 10. Qd2 a5 11. Be2 a4 12. O-O Qa5 13. Rad1 Be6 14. Nd5 Nxd5 15. exd5 Qxd2 16. Rxd2 Bf5 17. Re1 a3 18. g4 Bd7 19. Bd4 Bxd4+ 20. Rxd4 axb2 21. Rb1 Rxa2 22. Rd2 Rfa8 23. Rdxb2 Rxb2 24. Rxb2 Bc8 25. Kf2 Ra3 26. Rb5 Kf8 27. c5 Ke8 28. cxd6 exd6 29. g5 Kd8 30. Rb4 Ra5 31. Rh4 Rxd5 32. Rxh7 Ke7 33. f4 Rc5 34. h4 Bf5 35. Rh8 Rc8 36. Rh7 Rc3 37. Rh8 Be4 38. h5 gxh5 39. Rxh5 Bf5 40. Rh6 Rc2 41. Ke3 Rc5 42. Rf6 b5 43. Kd4 Be6 44. Bd3 Bc4 45. Be4 b4 46. Rh6 Ba2 47. Rh2 Rc4+ 48. Kd3 Rc3+ 49. Kd4 Rc4+ 50. Kd3 1/2-1/2

[Event "Mardi 2026.01.27"]
[Site "Laval CAN"]
[Date "2026.02.10"]
[Round "3.2"]
[White "Jean, Lucas"]
[Black "Beaupre, Eugene jr"]
[Result "0-1"]
[WhiteElo "1717"]
[BlackElo "1880"]
[WhiteFideId "-1"]
[BlackFideId "-1"]
[PlyCount "88"]
[GameId "2282872230052382"]
[EventDate "2026.01.27"]
[EventType "swiss"]
[EventRounds "5"]
[EventCountry "CAN"]

1. g3 d5 2. Bg2 Nf6 3. Nf3 c5 4. d4 Nbd7 5. Bf4 Qb6 6. b3 cxd4 7. O-O Nh5 8. Qd3 g6 9. Nxd4 Nxf4 10. gxf4 Bg7 11. c3 e6 12. Nd2 O-O 13. Rac1 Nc5 14. Qb1 Bd7 15. e3 Qd6 16. b4 Na6 17. N2f3 Rac8 18. Qb3 f6 19. Rfd1 e5 20. Nb5 Qb6 21. Qxd5+ Be6 22. Qd6 Rc6 23. Qd3 Bc4 24. Qe4 Qxb5 25. fxe5 fxe5 26. Qc2 Rcf6 27. a4 Qe8 28. Qe4 Be2 29. Qxb7 R8f7 30. Qd5 Bxf3 31. Bxf3 Rxf3 32. Rd2 Nc7 33. Qb3 Qe6 34. Qxe6 Nxe6 35. c4 Ng5 36. c5 e4 37. c6 Be5 38. Rd8+ Kg7 39. Rd7 Bc7 40. Rc2 R3f6 41. b5 Kf8 42. Ra2 Rxd7 43. cxd7 Ke7 44. Rd2 Nf3+ 0-1

[Event "Mardi 2026.01.27"]
[Site "Laval CAN"]
[Date "2026.02.10"]
[Round "3.3"]
[White "Lesage, Philippe"]
[Black "Deschamps, Martin"]
[Result "0-1"]
[WhiteElo "1751"]
[BlackElo "1790"]
[WhiteFideId "-1"]
[BlackFideId "-1"]
[PlyCount "53"]
[GameId "2282872230056479"]
[EventDate "2026.01.27"]
[EventType "swiss"]
[EventRounds "5"]
[EventCountry "CAN"]

1. Nf3 Nf6 2. c4 e6 3. g3 b6 4. Bg2 Bb7 5. O-O Be7 6. d4 O-O 7. d5 exd5 8. Nh4 c6 9. cxd5 Nxd5 10. Nf5 Na6 11. e4 Nf6 12. Nc3 Nc7 13. Re1 Bb4 14. Bg5 Ne6 15. Be3 d5 16. exd5 cxd5 17. Qb3 Bxc3 18. bxc3 Qc7 19. Rad1 Rfd8 20. Nd4 Nc5 21. Qc2 Nce4 22. Rc1 a6 23. Bf4 Qd7 24. Qb3 b5 25. Nf3 Ng4 26. h3 Qf5 27. Nd4 0-1

[Event "Mardi 2026.01.27"]
[Site "Laval CAN"]
[Date "2026.02.10"]
[Round "3.4"]
[White "Gamache, Lucien"]
[Black "Sekki, Abderaouf"]
[Result "0-1"]
[WhiteElo "1698"]
[BlackElo "1841"]
[WhiteFideId "-1"]
[BlackFideId "-1"]
[PlyCount "84"]
[GameId "2282872230060576"]
[EventDate "2026.01.27"]
[EventType "swiss"]
[EventRounds "5"]
[EventCountry "CAN"]

1. e4 d6 2. d4 Nf6 3. Nc3 Nbd7 4. Be3 e5 5. d5 c6 6. f3 Be7 7. Qd2 O-O 8. O-O-O cxd5 9. Nxd5 Nxd5 10. Qxd5 Nb6 11. Qd2 Be6 12. Kb1 a5 13. g4 Qc7 14. h4 Nc4 15. Bxc4 Qxc4 16. b3 Qc6 17. Ne2 Rfc8 18. Nc1 a4 19. Rh2 Rd8 20. Nd3 d5 21. Nxe5 Qb5 22. Qd3 Qb4 23. Bd2 Qa3 24. Bc1 Qc5 25. Be3 Qc7 26. Bf4 Bd6 27. exd5 Bxe5 28. Bxe5 Qxe5 29. Rhd2 Rxd5 30. Qxd5 Bxd5 31. Rxd5 Qe8 32. bxa4 h6 33. R5d4 Kh7 34. Re4 Qc6 35. Rdd4 Rc8 36. Rd2 Qc3 37. Rde2 Qxf3 38. h5 Rd8 39. Kb2 Rd6 40. a5 Rd5 41. R2e3 Qf6+ 42. c3 Rxa5 0-1

[Event "Mardi 2026.01.27"]
[Site "Laval CAN"]
[Date "2026.02.10"]
[Round "3.5"]
[White "Zhe, Jia"]
[Black "Nunez, Omar"]
[Result "1-0"]
[WhiteElo "1826"]
[BlackElo "1808"]
[WhiteFideId "-1"]
[BlackFideId "-1"]
[PlyCount "61"]
[GameId "2282872230060577"]
[EventDate "2026.01.27"]
[EventType "swiss"]
[EventRounds "5"]
[EventCountry "CAN"]

1. c4 f5 2. g3 Nf6 3. Nc3 g6 4. Bg2 e5 5. d3 Bg7 6. a3 O-O 7. e3 d6 8. Nge2 Nc6 9. O-O Kh8 10. Qc2 Be6 11. Rb1 d5 12. cxd5 Nxd5 13. b4 Qd7 14. Bb2 Nce7 15. e4 Nxc3 16. Bxc3 Rad8 17. Rbd1 Nc6 18. Qb2 Nd4 19. Bxd4 exd4 20. Nf4 Bg8 21. exf5 Rxf5 22. Bh3 g5 23. Nh5 Be5 24. Rde1 Qf7 25. Bxf5 Qxf5 26. Qe2 Re8 27. Nf6 Qh3 28. Qe4 Bxg3 29. Qg2 Bxf2+ 30. Qxf2 Rf8 31. Qxd4 1-0

[Event "Mardi 2026.01.27"]
[Site "Laval CAN"]
[Date "2026.02.10"]
[Round "3.6"]
[White "Guillemette, Thomas"]
[Black "He, Daniel"]
[Result "1-0"]
[WhiteElo "1877"]
[BlackElo "1801"]
[WhiteFideId "-1"]
[BlackFideId "-1"]
[PlyCount "75"]
[GameId "2282872230060578"]
[EventDate "2026.01.27"]
[EventType "swiss"]
[EventRounds "5"]
[EventCountry "CAN"]

1. e4 e5 2. Nf3 Nc6 3. Bc4 Nf6 4. d3 Bc5 5. c3 d6 6. a4 a5 7. O-O O-O 8. Nbd2 Be6 9. Re1 Bxc4 10. Nxc4 h6 11. Ne3 Bxe3 12. Bxe3 Nh7 13. d4 f5 14. exf5 Rxf5 15. Qb3+ Kh8 16. Qxb7 Ne7 17. dxe5 Rb8 18. Qe4 dxe5 19. Nxe5 Qd6 20. Qxf5 Nxf5 21. Nf7+ Kg8 22. Nxd6 Nxd6 23. Rab1 Nc4 24. b4 Na3 25. Rb3 Nc2 26. Re2 Nxe3 27. Rxe3 Kf7 28. Re5 Rd8 29. Kf1 axb4 30. cxb4 Rd1+ 31. Ke2 Ra1 32. a5 Nf6 33. Rc5 Ne8 34. Rcc3 Ke7 35. Ra3 Rb1 36. a6 Rxb4 37. a7 Rb2+ 38. Kf3 1-0

[Event "Mardi 2026.01.27"]
[Site "Laval CAN"]
[Date "2026.02.17"]
[Round "4.1"]
[White "Beaupre, Eugene jr"]
[Black "Saillant, Christopher"]
[Result "1/2-1/2"]
[WhiteElo "1880"]
[BlackElo "1899"]
[WhiteFideId "-1"]
[BlackFideId "-1"]
[PlyCount "92"]
[GameId "2282872230064675"]
[EventDate "2026.01.27"]
[EventType "swiss"]
[EventRounds "5"]
[EventCountry "CAN"]

1. d4 d5 2. c4 e6 3. Nc3 Nf6 4. cxd5 exd5 5. Bg5 Be7 6. e3 c6 7. Bd3 Nbd7 8. Qc2 Nf8 9. Nge2 Bg4 10. f3 Bh5 11. Ng3 Bg6 12. Nf5 Ne6 13. Bh4 O-O 14. O-O Re8 15. Rab1 a5 16. Bf2 b5 17. h3 Rc8 18. Rbd1 b4 19. Na4 c5 20. Nxe7+ Qxe7 21. dxc5 Nxc5 22. Nxc5 Rxc5 23. Qb3 Bxd3 24. Rxd3 Rec8 25. e4 dxe4 26. fxe4 Rc2 27. Rd4 Re2 28. Rc4 Re8 29. Bh4 Qa7+ 30. Kh1 Nxe4 31. Qf3 Re3 32. Qf4 Nd2 33. Rc7 Qxc7 34. Qxc7 Nxf1 35. Qxa5 R3e4 36. Qb5 Ne3 37. Bf2 Nc4 38. Qxb4 Ne3 39. Qb5 Nd1 40. Bd4 h6 41. Qd3 Re2 42. Qg3 g5 43. Qd6 Ne3 44. Qxh6 Re1+ 45. Kh2 Nf1+ 46. Kg1 Ne3+ 1/2-1/2

[Event "Mardi 2026.01.27"]
[Site "Laval CAN"]
[Date "2026.02.17"]
[Round "4.2"]
[White "Avarian, Aram Sevag"]
[Black "Deschamps, Martin"]
[Result "1-0"]
[WhiteElo "1833"]
[BlackElo "1790"]
[WhiteFideId "-1"]
[BlackFideId "-1"]
[PlyCount "111"]
[GameId "2282872230064676"]
[EventDate "2026.01.27"]
[EventType "swiss"]
[EventRounds "5"]
[EventCountry "CAN"]

1. e4 Nf6 2. e5 Nd5 3. d4 d6 4. Nf3 g6 5. Bc4 Nb6 6. Bb3 Bg7 7. a4 a5 8. exd6 cxd6 9. Na3 O-O 10. O-O Bg4 11. c3 Nc6 12. h3 Bxf3 13. Qxf3 Qd7 14. Be3 d5 15. Bf4 e6 16. Qd3 Ne7 17. Nb5 Rfc8 18. Rae1 Nc4 19. Qe2 Nf5 20. g4 Nh4 21. Bxc4 dxc4 22. Bg5 Ng2 23. Kxg2 Qd5+ 24. Qe4 Qxg5 25. f4 Qe7 26. Rf3 Qd7 27. Rg3 Bf6 28. g5 Bg7 29. h4 Bf8 30. h5 Qc6 31. hxg6 hxg6 32. Kf3 Ra6 33. Ke3 Qxe4+ 34. Kxe4 Bg7 35. Rd1 Rd8 36. Rg2 Kf8 37. Rgd2 Ke7 38. d5 exd5+ 39. Rxd5 Re6+ 40. Kf3 Rxd5 41. Rxd5 b6 42. Na3 Rc6 43. Rd2 f6 44. Rd4 fxg5 45. Rxc4 Rxc4 46. Nxc4 gxf4 47. Kxf4 Bh6+ 48. Ke4 Bc1 49. b3 g5 50. Nxb6 g4 51. Nc4 Kd7 52. Ne5+ Kd6 53. Nxg4 Bd2 54. Kd3 Be1 55. Ne3 Kc5 56. Nc4 1-0

[Event "Mardi 2026.01.27"]
[Site "Laval CAN"]
[Date "2026.02.17"]
[Round "4.3"]
[White "Sekki, Abderaouf"]
[Black "Lesage, Philippe"]
[Result "1-0"]
[WhiteElo "1841"]
[BlackElo "1751"]
[WhiteFideId "-1"]
[BlackFideId "-1"]
[PlyCount "59"]
[GameId "2282872230068773"]
[EventDate "2026.01.27"]
[EventType "swiss"]
[EventRounds "5"]
[EventCountry "CAN"]

1. e4 e6 2. d4 d5 3. Nc3 Nf6 4. exd5 exd5 5. Bg5 Be7 6. Bd3 Nc6 7. Nge2 Nb4 8. Ng3 Nxd3+ 9. Qxd3 h6 10. Bf4 O-O 11. O-O-O Bd6 12. Be3 Re8 13. f3 c6 14. Rde1 Be6 15. Nf5 Bf8 16. g4 Qd7 17. Ng3 b5 18. h4 b4 19. Nce2 Rec8 20. g5 Ne8 21. gxh6 gxh6 22. Rhg1 Kh8 23. Nf4 Nf6 24. Rg2 c5 25. Reg1 c4 26. Nfh5 cxd3 27. Nxf6 Rxc2+ 28. Rxc2 Bg7 29. Nxd7 dxc2 30. Kxc2 1-0

[Event "Mardi 2026.01.27"]
[Site "Laval CAN"]
[Date "2026.02.17"]
[Round "4.4"]
[White "Guillemette, Thomas"]
[Black "Jean, Lucas"]
[Result "0-1"]
[WhiteElo "1706"]
[BlackElo "1717"]
[WhiteFideId "-1"]
[BlackFideId "-1"]
[PlyCount "68"]
[GameId "2282872230068774"]
[EventDate "2026.01.27"]
[EventType "swiss"]
[EventRounds "5"]
[EventCountry "CAN"]

1. e4 e6 2. d4 d5 3. Nd2 Nf6 4. e5 Nfd7 5. f4 c5 6. Ndf3 Nc6 7. c3 cxd4 8. cxd4 Qb6 9. Ne2 Be7 10. b3 a5 11. g4 h5 12. Rg1 hxg4 13. Rxg4 g6 14. Be3 Bb4+ 15. Kf2 Ne7 16. Ng3 Nf5 17. Nxf5 gxf5 18. Rh4 Rxh4 19. Nxh4 Qd8 20. Qh5 Nf8 21. Be2 Be7 22. Nf3 Ng6 23. Qh7 Kf8 24. Ng5 Bxg5 25. fxg5 Qb6 26. Rd1 Ke7 27. Kg3 Nxe5 28. h4 Ng6 29. h5 Qd6+ 30. Kg2 Nh4+ 31. Kh3 f4 32. Bf2 f3 33. Bg3 e5+ 34. Kxh4 Qe6 0-1

[Event "Mardi 2026.01.27"]
[Site "Laval CAN"]
[Date "2026.02.17"]
[Round "4.6"]
[White "Nardone, Raul"]
[Black "Gamache, Lucien"]
[Result "0-1"]
[WhiteElo "1744"]
[BlackElo "1700"]
[WhiteFideId "-1"]
[BlackFideId "-1"]
[PlyCount "78"]
[GameId "2282872230072872"]
[EventDate "2026.01.27"]
[EventType "swiss"]
[EventRounds "5"]
[EventCountry "CAN"]

1. d4 d5 2. c4 e6 3. Nf3 Nf6 4. g3 Bb4+ 5. Bd2 Be7 6. Bg2 O-O 7. O-O Nbd7 8. Qc2 c6 9. Na3 Ne4 10. Rfd1 f5 11. e3 g5 12. Ne5 Nxe5 13. dxe5 g4 14. Be1 Qe8 15. Bxe4 fxe4 16. Qe2 Rf3 17. Nc2 Qh5 18. Nd4 Qxe5 19. Bc3 Qh5 20. Nxf3 gxf3 21. Qf1 Bd7 22. b4 Rf8 23. a4 Bf6 24. Bxf6 Rxf6 25. b5 e5 26. cxd5 Bh3 27. Qc4 cxd5 28. Qxd5+ Be6 29. Qd8+ Kg7 30. Qe7+ Bf7 31. h4 Qf5 32. Kf1 Qh3+ 33. Ke1 Qg2 34. Qxe5 Qg1+ 35. Kd2 Qxf2+ 36. Kc1 Qxe3+ 37. Kb1 f2 38. Rf1 Qe2 39. Qg5+ Bg6 0-1

[Event "Mardi 2026.01.27"]
[Site "Laval CAN"]
[Date "2026.02.17"]
[Round "4.7"]
[White "He, Daniel"]
[Black "Duval, Mathieu"]
[Result "1-0"]
[WhiteElo "1801"]
[BlackElo "1996"]
[WhiteFideId "-1"]
[BlackFideId "-1"]
[PlyCount "93"]
[GameId "2282872230076969"]
[EventDate "2026.01.27"]
[EventType "swiss"]
[EventRounds "5"]
[EventCountry "CAN"]

1. e4 c6 2. d4 d5 3. e5 Bf5 4. h4 h5 5. Bd3 Bxd3 6. Qxd3 e6 7. Nf3 Nd7 8. O-O Ne7 9. g3 Nf5 10. c3 c5 11. b3 Rc8 12. Bb2 Be7 13. Qd2 c4 14. Na3 Qa5 15. Nc2 b5 16. Ne3 g6 17. Nxf5 gxf5 18. b4 Qa4 19. Qd1 Nb6 20. Bc1 a5 21. bxa5 Qxa5 22. Bd2 Na4 23. Qc2 Rg8 24. Rfc1 Rg6 25. Kh1 Kd7 26. Ng1 Rcg8 27. Nh3 Ke8 28. Nf4 Rg4 29. Kh2 Qd8 30. Kg2 Bxh4 31. Kf3 Bxg3 32. fxg3 Rxg3+ 33. Ke2 Qh4 34. Rf1 Qg4+ 35. Ke1 Rg1 36. Kf2 Qh4+ 37. Ke2 R8g3 38. Be3 Qg4+ 39. Kd2 Rxf1 40. Rxf1 b4 41. Qxa4+ Kf8 42. Qxb4+ Kg7 43. Qe7 h4 44. Nxe6+ Kh8 45. Qf8+ Kh7 46. Qxf7+ Kh8 47. Qf8+ 1-0

[Event "Mardi 2026.01.27"]
[Site "Laval CAN"]
[Date "2026.02.24"]
[Round "5.1"]
[White "Avarian, Aram Sevag"]
[Black "Beaupre, Eugene jr"]
[Result "1-0"]
[WhiteElo "1833"]
[BlackElo "1880"]
[WhiteFideId "-1"]
[BlackFideId "-1"]
[PlyCount "109"]
[GameId "2282872230081066"]
[EventDate "2026.01.27"]
[EventType "swiss"]
[EventRounds "5"]
[EventCountry "CAN"]

1. e4 c6 2. Nf3 d5 3. d3 dxe4 4. dxe4 Qxd1+ 5. Kxd1 Nf6 6. Nbd2 g6 7. h3 h5 8. Ng5 Nh7 9. Nxh7 Rxh7 10. a4 Be6 11. Bc4 Bxc4 12. Nxc4 Na6 13. Be3 Bh6 14. f4 f6 15. c3 Nc7 16. Ke2 b6 17. Rhd1 Rd8 18. Rxd8+ Kxd8 19. g3 Rh8 20. a5 b5 21. Nd2 a6 22. Bb6 h4 23. Kf3 hxg3 24. Nb3 e5 25. Nc5 Kc8 26. Bxc7 Kxc7 27. Nxa6+ Kc8 28. fxe5 fxe5 29. Kxg3 Rd8 30. Nb4 Kb7 31. a6+ Kb6 32. a7 Ra8 33. Ra6+ Kb7 34. Rxc6 Bf4+ 35. Kg4 Rxa7 36. Rxg6 Ra1 37. Nd3 Rg1+ 38. Kf5 Rh1 39. Nxf4 exf4 40. Kxf4 Rxh3 41. Rg2 Kc6 42. Rd2 Rh1 43. Ke5 Re1 44. b4 Re3 45. Kd4 Rh3 46. Re2 Kd6 47. Rg2 Rh6 48. Rf2 Rg6 49. Ra2 Rg4 50. Ra6+ Kc7 51. Kd5 Rg3 52. Rc6+ Kd7 53. Rc5 Rd3+ 54. Ke5 Rh3 55. Kd4 1-0

[Event "Mardi 2026.01.27"]
[Site "Laval CAN"]
[Date "2026.02.24"]
[Round "5.2"]
[White "Saillant, Christopher"]
[Black "Sekki, Abderaouf"]
[Result "1-0"]
[WhiteElo "1899"]
[BlackElo "1841"]
[WhiteFideId "-1"]
[BlackFideId "-1"]
[PlyCount "69"]
[GameId "2282872230081067"]
[EventDate "2026.01.27"]
[EventType "swiss"]
[EventRounds "5"]
[EventCountry "CAN"]

1. e4 e5 2. Nf3 Nc6 3. Bc4 Nf6 4. d3 Bc5 5. c3 a6 6. O-O O-O 7. Re1 d6 8. Bb3 h6 9. Nbd2 Be6 10. Bc2 d5 11. exd5 Bxd5 12. Nxe5 Nxe5 13. Rxe5 Re8 14. Rxe8+ Qxe8 15. d4 Bd6 16. c4 Bc6 17. d5 Bd7 18. Nf3 Bg4 19. Be3 Bxf3 20. Qxf3 Qe5 21. g3 Qxb2 22. Qd1 Be5 23. Rb1 Qxa2 24. Qd3 a5 25. f4 Bb2 26. Qe2 Re8 27. Rxb2 Qa1+ 28. Rb1 Qc3 29. Bd3 Ng4 30. Qd2 Qf6 31. Bf2 a4 32. Qb2 Qd6 33. Qb4 Qd7 34. Qb5 Qe7 35. Re1 1-0

[Event "Mardi 2026.01.27"]
[Site "Laval CAN"]
[Date "2026.02.24"]
[Round "5.3"]
[White "Jean, Lucas"]
[Black "Gamache, Lucien"]
[Result "0-1"]
[WhiteElo "1717"]
[BlackElo "1698"]
[WhiteFideId "-1"]
[BlackFideId "-1"]
[PlyCount "92"]
[GameId "2282872230085164"]
[EventDate "2026.01.27"]
[EventType "swiss"]
[EventRounds "5"]
[EventCountry "CAN"]

1. b4 Nf6 2. Bb2 e6 3. b5 Be7 4. e3 O-O 5. Nf3 d5 6. Be2 c5 7. c4 b6 8. O-O a6 9. a4 Bb7 10. d4 Ne4 11. Nbd2 Nd7 12. Nxe4 dxe4 13. Nd2 Qc7 14. Qc2 Nf6 15. dxc5 Qxc5 16. Bd4 Qc7 17. Rab1 e5 18. Ba1 Rfd8 19. Rfd1 a5 20. Nb3 Nd7 21. Rd2 Nc5 22. Rxd8+ Rxd8 23. Nxc5 Bxc5 24. Rd1 f6 25. Bb2 Rxd1+ 26. Qxd1 Qd6 27. Qxd6 Bxd6 28. Kf1 Bc5 29. Ke1 Kf7 30. Kd2 Bc8 31. Kc2 Ke7 32. Kb3 Kd6 33. Ba3 Be6 34. Bxc5+ Kxc5 35. Kc3 f5 36. g3 g5 37. Bf1 h5 38. Be2 h4 39. Bf1 f4 40. exf4 exf4 41. gxf4 gxf4 42. f3 exf3 43. h3 f2 44. Kb3 Kd4 45. Be2 Bxh3 46. c5 Kxc5 0-1

[Event "Mardi 2026.01.27"]
[Site "Laval CAN"]
[Date "2026.02.24"]
[Round "5.4"]
[White "Deschamps, Martin"]
[Black "Zhe, Jia"]
[Result "0-1"]
[WhiteElo "1790"]
[BlackElo "1826"]
[WhiteFideId "-1"]
[BlackFideId "-1"]
[PlyCount "78"]
[GameId "2282872230085165"]
[EventDate "2026.01.27"]
[EventType "swiss"]
[EventRounds "5"]
[EventCountry "CAN"]

1. e4 c5 2. Nf3 e6 3. c3 d5 4. exd5 exd5 5. Bb5+ Bd7 6. Bxd7+ Nxd7 7. O-O Be7 8. Re1 Qc7 9. Ng5 h6 10. Qh5 g6 11. Ne6 Qd6 12. Qxd5 fxe6 13. Qxb7 Qd5 14. Qa6 Kf7 15. Na3 Ngf6 16. Nb5 Rhc8 17. c4 Qc6 18. Qa3 h5 19. Qe3 a6 20. Nc3 Re8 21. b3 Bd6 22. h3 Be5 23. Bb2 Bd4 24. Qf4 g5 25. Qg3 h4 26. Qd3 Rg8 27. Nd1 Bxb2 28. Nxb2 g4 29. Nd1 Rg5 30. hxg4 Rxg4 31. Ne3 Ne5 32. Qf1 Rg6 33. f4 Nf3+ 34. Kh1 Nxe1 35. Rxe1 h3 36. Kh2 hxg2 37. Nxg2 Rh8+ 38. Kg1 Rgh6 39. Kf2 Ne4+ 0-1

[Event "Mardi 2026.01.27"]
[Site "Laval CAN"]
[Date "2026.02.24"]
[Round "5.5"]
[White "Lesage, Philippe"]
[Black "Nunez, Omar"]
[Result "1/2-1/2"]
[WhiteElo "1751"]
[BlackElo "1808"]
[WhiteFideId "-1"]
[BlackFideId "-1"]
[PlyCount "59"]
[GameId "2282872230089262"]
[EventDate "2026.01.27"]
[EventType "swiss"]
[EventRounds "5"]
[EventCountry "CAN"]

1. c4 d6 2. g3 f5 3. Bg2 Nf6 4. Nc3 g6 5. Nf3 Bg7 6. O-O O-O 7. d3 c6 8. Rb1 Ng4 9. h3 Nh6 10. Bd2 Nf7 11. b4 e5 12. Qb3 Be6 13. b5 Nd7 14. bxc6 bxc6 15. Qb7 Nc5 16. Qb4 Qc7 17. Be3 Rab8 18. Qa3 e4 19. Nd4 Bd7 20. dxe4 fxe4 21. Nxe4 Nxe4 22. Bxe4 Ne5 23. Rbc1 Bxh3 24. Rfd1 Bd7 25. Nf3 Nxf3+ 26. Bxf3 Bb2 27. Qxa7 Rb7 28. Qa4 Bxc1 29. Rxc1 Rfb8 30. c5 1/2-1/2

[Event "Mardi 2026.01.27"]
[Site "Laval CAN"]
[Date "2026.02.24"]
[Round "5.6"]
[White "Lamy, Vincent"]
[Black "He, Daniel"]
[Result "1/2-1/2"]
[WhiteElo "1757"]
[BlackElo "1801"]
[WhiteFideId "-1"]
[BlackFideId "-1"]
[PlyCount "106"]
[GameId "2291938940891501"]
[EventDate "2026.01.27"]
[EventType "swiss"]
[EventRounds "5"]
[EventCountry "CAN"]

1. e4 e5 2. f4 d5 3. exd5 Qxd5 4. Nc3 Qe6 5. fxe5 Qxe5+ 6. Be2 Bb4 7. Nf3 Qc5 8. Na4 Qd6 9. c3 Ba5 10. O-O Nf6 11. d4 h6 12. Bb5+ c6 13. Re1+ Be6 14. Bc4 Nd5 15. Nc5 b5 16. Bxd5 cxd5 17. Qe2 O-O 18. Nxe6 fxe6 19. Qxe6+ Qxe6 20. Rxe6 Bc7 21. Bd2 Nd7 22. Rae1 Nf6 23. Rc6 Rac8 24. Ree6 Ne4 25. Be3 Nf6 26. Bxh6 Bxh2+ 27. Nxh2 Rxc6 28. Rxc6 gxh6 29. Rc7 Rf7 30. Rxf7 Kxf7 31. Nf3 Ne4 32. Kf1 Nd6 33. Ke2 Nc4 34. b3 Nd6 35. Kd3 Ke6 36. g4 Ne4 37. Ne5 Nf6 38. c4 dxc4+ 39. bxc4 bxc4+ 40. Kxc4 Nd5 41. a4 Nb6+ 42. Kb5 Kd5 43. Nf7 Kxd4 44. Nxh6 Ke5 45. a5 Kf4 46. Nf7 Kxg4 47. Nd8 Kf5 48. Nc6 Nc8 49. Ka6 Ke6 50. Nxa7 Nd6 51. Nb5 Nc4 52. Nd4+ Kf7 53. Kb5 Nxa5 1/2-1/2

[Event "Mardi 2026.01.27"]
[Site "Laval CAN"]
[Date "2026.02.24"]
[Round "5.7"]
[White "Nardone, Raul"]
[Black "Ramos, Heidi"]
[Result "1/2-1/2"]
[WhiteElo "1744"]
[BlackElo "1708"]
[WhiteFideId "-1"]
[BlackFideId "-1"]
[PlyCount "51"]
[GameId "2291938940924270"]
[EventDate "2026.01.27"]
[EventType "swiss"]
[EventRounds "5"]
[EventCountry "CAN"]

1. d4 Nf6 2. Nf3 e6 3. Bg5 d5 4. e3 c5 5. c3 Bd6 6. Bd3 Nbd7 7. O-O O-O 8. Nbd2 Qc7 9. e4 dxe4 10. Nxe4 Nxe4 11. Bxe4 f5 12. Bc2 h6 13. dxc5 Bxc5 14. b4 Bd6 15. Bd2 Ne5 16. h3 Nxf3+ 17. Qxf3 Bxb4 18. Bb3 Bd6 19. Rfe1 Rf6 20. c4 Kh8 21. Bc3 Rg6 22. Rad1 Bd7 23. Qd3 e5 24. Bxe5 Bxe5 25. Qxd7 Bh2+ 26. Kh1 1/2-1/2

[Event "Mauricie op"]
[Site "Trois-Rivieres CAN"]
[Date "2026.03.22"]
[Round "4.1"]
[White "Duong, Thanh Nha"]
[Black "Sai, Krishna GV"]
[Result "0-1"]
[WhiteElo "2274"]
[BlackElo "2519"]
[WhiteFideId "-1"]
[BlackFideId "-1"]
[PlyCount "68"]
[GameId "2292321767746155"]
[EventDate "2026.03.20"]
[EventType "swiss"]
[EventRounds "5"]
[EventCountry "CAN"]

1. d4 Nf6 2. c4 g6 3. Nc3 Bg7 4. e4 d6 5. Nf3 O-O 6. Be2 e5 7. O-O Nc6 8. d5 Ne7 9. b4 Nh5 10. Re1 f5 11. a4 Nf6 12. Nd2 f4 13. c5 g5 14. h3 Ng6 15. Nc4 Rf7 16. Ba3 Bf8 17. b5 dxc5 18. d6 cxd6 19. Bxc5 Be6 20. Bb4 f3 21. Bf1 fxg2 22. Kxg2 Qc8 23. Ne3 Bxh3+ 24. Kh2 Bxf1 25. Rxf1 Nf4 26. Rh1 d5 27. Bxf8 Qxc3 28. Rc1 Qd4 29. Bh6 Nd3 30. Rg1 Nxc1 31. Rxg5+ Kh8 32. Qg1 Ne2 33. Qg2 Nf4 34. Qg3 Nxe4 0-1

[Event "Mauricie op"]
[Site "Trois-Rivieres CAN"]
[Date "2026.03.22"]
[Round "4.2"]
[White "Gutierrez, Renzo"]
[Black "Latorre, Vincent"]
[Result "1/2-1/2"]
[WhiteElo "2192"]
[BlackElo "2395"]
[WhiteFideId "-1"]
[BlackFideId "-1"]
[PlyCount "76"]
[GameId "2291321595367451"]
[EventDate "2026.03.20"]
[EventType "swiss"]
[EventRounds "5"]
[EventCountry "CAN"]

1. d4 Nf6 2. c4 e6 3. Nc3 Bb4 4. Qc2 d5 5. Bg5 h6 6. Bh4 dxc4 7. e3 b5 8. Nf3 Bb7 9. Be2 g5 10. Bg3 g4 11. Nd2 a6 12. O-O Bd6 13. Bh4 Nbd7 14. a4 c6 15. Bxg4 Bxh2+ 16. Kxh2 Nxg4+ 17. Kh3 Ndf6 18. Nde4 Bc8 19. g3 Rg8 20. Kg2 Rg6 21. Kg1 Qc7 22. axb5 Nxe4 23. Qxe4 Bb7 24. bxa6 Rxa6 25. Rxa6 Bxa6 26. Qf3 Bb7 27. e4 c5 28. d5 Ne5 29. Qe2 Bc8 30. Ra1 Kf8 31. Ra8 Kg7 32. Qe3 Qb7 33. Ra2 Nd3 34. d6 e5 35. Be7 Be6 36. Kh2 Bc8 37. Kg1 Be6 38. Kh2 Bc8 1/2-1/2

[Event "Mauricie op"]
[Site "Trois-Rivieres CAN"]
[Date "2026.03.22"]
[Round "4.3"]
[White "Luksza, Arkadiusz"]
[Black "Chabot, Roland"]
[Result "1/2-1/2"]
[WhiteElo "2013"]
[BlackElo "2002"]
[WhiteFideId "-1"]
[BlackFideId "-1"]
[PlyCount "34"]
[GameId "2291324171337872"]
[EventDate "2026.03.20"]
[EventType "swiss"]
[EventRounds "5"]
[EventCountry "CAN"]

1. Nf3 d6 2. g3 e5 3. d3 Be7 4. Bg2 f5 5. c4 Nf6 6. Nc3 O-O 7. O-O Qe8 8. b4 Qh5 9. c5 Kh8 10. cxd6 cxd6 11. Qb3 Nc6 12. b5 Nd8 13. Ba3 Be6 14. Qa4 Nf7 15. Qh4 Qg6 16. Qa4 Qh5 17. Qh4 Qg6 1/2-1/2

[Event "Mauricie op"]
[Site "Trois-Rivieres CAN"]
[Date "2026.03.22"]
[Round "4.4"]
[White "Chiku-Ratte, Olivier-Kenta"]
[Black "Mok, Yuen Tak"]
[Result "1-0"]
[WhiteElo "2427"]
[BlackElo "1987"]
[WhiteFideId "-1"]
[BlackFideId "-1"]
[PlyCount "63"]
[GameId "2291332427399320"]
[EventDate "2026.03.20"]
[EventType "swiss"]
[EventRounds "5"]
[EventCountry "CAN"]

1. c4 c6 2. Nf3 d5 3. e3 Nf6 4. Nc3 e6 5. b3 Bd6 6. Bb2 O-O 7. Be2 b6 8. Qc2 Bb7 9. Rg1 Na6 10. g4 e5 11. g5 Nd7 12. a3 Qe7 13. h4 Nc7 14. h5 f5 15. gxf6 Rxf6 16. Ng5 Nf8 17. b4 Kh8 18. b5 cxb5 19. cxd5 Nxd5 20. Nce4 Rc8 21. Qb3 Rh6 22. Nxd6 Rxd6 23. Bxe5 Rd7 24. Qb2 Nf6 25. h6 Rc6 26. hxg7+ Qxg7 27. Bxb5 Rdd6 28. Bxc6 Rxc6 29. Rc1 N8d7 30. Rxc6 Bxc6 31. Bxf6 Nxf6 32. Nh3 1-0

[Event "Mauricie op"]
[Site "Trois-Rivieres CAN"]
[Date "2026.03.22"]
[Round "4.5"]
[White "Migot, Tangi"]
[Black "Qi, Jason"]
[Result "1-0"]
[WhiteElo "2368"]
[BlackElo "1892"]
[WhiteFideId "-1"]
[BlackFideId "-1"]
[PlyCount "47"]
[GameId "2291336394756256"]
[EventDate "2026.03.20"]
[EventType "swiss"]
[EventRounds "5"]
[EventCountry "CAN"]

1. e4 c5 2. c3 Nf6 3. e5 Nd5 4. Nf3 e6 5. d4 cxd4 6. cxd4 d6 7. Bc4 Be7 8. O-O O-O 9. Qe2 b6 10. Rd1 Bb7 11. Bxd5 Bxd5 12. Nc3 Bxf3 13. Qxf3 Nd7 14. Qg3 dxe5 15. dxe5 Kh8 16. Bf4 Qc7 17. Rac1 Qb7 18. Bg5 f6 19. exf6 gxf6 20. Bf4 Rg8 21. Qh3 a6 22. Bg3 f5 23. Nd5 Bd8 24. Nc7 1-0